Penagih cinta

Bibliographic Details
Main Author: Syauqie MK
Format: Book
Published: Perak : Cute Publication , 2019
Subjects:

MARC

LEADER 00000cam a2200000 7i4500
001 0000085693
005 20201104.0
008 201012
020 |a 9789672069393 
041 0 |a Malay 
090 0 0 |a SYA   |b MAL 
100 0 |a Syauqie MK 
245 1 0 |a Penagih cinta   |c Syauqie MK 
260 |a Perak :   |b Cute Publication ,   |c 2019 
300 |a 320 p. ;   |c 18.2 cm. 
541 0 0 |c Purchased on 2020   |f 157/2020 ABR   |h RM28.00 
650 0 |a Malay fiction 
999 |a 0001632624   |b Book   |c Adult Collection   |e Cawangan Bandar Penawar 
999 |a 0001632625   |b Book   |c Adult Collection   |e Cawangan Muar 
999 |a 0001632626   |b Book   |c Adult Collection   |e Cawangan Taman Universiti 
999 |a 0001632627   |b Book   |c Adult Collection   |e Cawangan Batu Pahat 
999 |a 0001632628   |b Book   |c Adult Collection   |e Cawangan Bandar Tenggara 
999 |a 0001632630   |b Book   |c Adult Collection   |e Cawangan Pontian 
999 |a 0001632631   |b Book   |c Adult Collection   |e Cawangan Bukit Gambir 
999 |a 0001632632   |b Book   |c Adult Collection   |e Cawangan Tmn. Ungku Tun Aminah 
999 |a 0001632633   |b Book   |c Adult Collection   |e Cawangan Tangkak 
999 |a 0001632634   |b Book   |c Adult Collection   |e Cawangan Mersing 
999 |a 0001632635   |b Book   |c Adult Collection   |e Cawangan Segamat 
999 |a 0001632636   |b Book   |c Adult Collection   |e Cawangan Taman Sri Lambak 
999 |a 0001632637   |b Book   |c Adult Collection   |e Cawangan Kota Tinggi 
999 |a 0001632990   |b Book   |c Adult Collection   |e Perbadanan Perpustakaan Awam Johor 
999 |a 0001632991   |b Book   |c Adult Collection   |e Cawangan Urban Transformation Centre 
999 |a 0001632992   |b Book   |c Adult Collection   |e Cawangan AEON Kulaijaya